000
00180 a2200097 4500
020
_a
9781097272273
041
_a
spa
100
_a
Fishin the Star
245
_a
Espacio
942
_c
BK
999
_c
31800
_d
31798